000 00427nam a2200157 i 4500
001 55879
003 ES-MaACL
005 20230906163233.0
007 t|
008 030929s1972 sp ||||1| spa d
100 1 _aDíaz Alvarez, Manuel.
_944167
245 1 0 _aEsa juventud inquietante /
_cManuel Díaz Alvarez.
260 _aMadrid :
_bStudium,
_c[1972]
300 _a163 p. ;
_c19 cm.
852 _aES-MaACL
_jC-46514
_bR.81836
999 _c55879
_d55879